X-ray Symposium 1981 (Record no. 8076)

MARC details
000 -LEADER
fixed length control field 00561nam a2200181Ia 4500
003 - CONTROL NUMBER IDENTIFIER
control field IN-BaIIA
008 - FIXED-LENGTH DATA ELEMENTS--GENERAL INFORMATION
fixed length control field 211028s9999 xx 000 0 eng d
040 ## - CATALOGING SOURCE
Transcribing agency IIA Library
080 ## - UNIVERSAL DECIMAL CLASSIFICATION NUMBER
Universal Decimal Classification number 52-735
Item number XRA
245 #0 - TITLE STATEMENT
Title X-ray Symposium 1981
Statement of responsibility, etc. edited by A. G. Davis Philip
260 ## - PUBLICATION, DISTRIBUTION, ETC.
Place of publication, distribution, etc. New York
Name of publisher, distributor, etc. L. Davis Press
Date of publication, distribution, etc. 1981
300 ## - PHYSICAL DESCRIPTION
Extent 76p.
490 ## - SERIES STATEMENT
Series statement ASNY news letter; v. 1, no. 9
650 ## - SUBJECT ADDED ENTRY--TOPICAL TERM
Topical term or geographic name entry element Astronomy and astrophysics thesaurus
650 ## - SUBJECT ADDED ENTRY--TOPICAL TERM
Topical term or geographic name entry element X-Ray Astronomy
9 (RLIN) 7473
700 ## - ADDED ENTRY--PERSONAL NAME
Personal name Davis Philip, A. G., ed.
9 (RLIN) 12444
942 ## - ADDED ENTRY ELEMENTS (KOHA)
Koha item type Books
Holdings
Withdrawn status Lost status Damaged status Not for loan Home library Current library Shelving location Date acquired Total Checkouts Full call number Barcode Date last seen Price effective from Koha item type
        IIA Library-Bangalore IIA Library-Bangalore General Stacks 25/01/1985   52-735/ XRA 8911 05/11/2021 25/01/1985 Books

Powered by Koha